Music Quiz

Random Music Quiz
Score 0/300 Timer 10:00
0 Plays Today
Answer % Correct
the
88.9%
the
88.9%
The
88.9%
and
88.9%
and
88.9%
and
88.9%
and
88.9%
the
88.9%
and
88.9%
the
88.9%
a
88.9%
The
88.9%
a
88.9%
the
88.9%
The
88.9%
the
88.9%
the
88.9%
the
88.9%
the
88.9%
a
88.9%
and
88.9%
the
88.9%
a
88.9%
the
88.9%
and
88.9%
the
88.9%
a
88.9%
in
66.7%
in
66.7%
in
66.7%
in
66.7%
in
66.7%
in
66.7%
in
66.7%
in
66.7%
in
66.7%
of
55.6%
of
55.6%
of
55.6%
of
55.6%
of
55.6%
you
44.4%
me
44.4%
on
44.4%
I’m
44.4%
at
44.4%
me
44.4%
we
44.4%
at
44.4%
it
44.4%
at
44.4%
to
44.4%
I’m
44.4%
I’m
44.4%
me
44.4%
to
44.4%
we
44.4%
to
44.4%
I’m
44.4%
to
44.4%
I’m
44.4%
We
44.4%
to
44.4%
to
44.4%
to
44.4%
to
44.4%
it
44.4%
I’m
44.4%
to
44.4%
to
44.4%
me
44.4%
you
44.4%
at
44.4%
it
44.4%
me
44.4%
we
44.4%
So
33.3%
found
33.3%
floor
33.3%
split
33.3%
open
33.3%
seams
33.3%
front
33.3%
It’s
33.3%
I
33.3%
my
33.3%
I
33.3%
it’s
33.3%
It’s
33.3%
Last
33.3%
night
33.3%
Leeds
33.3%
I
33.3%
found
33.3%
All
33.3%
found
33.3%
all
33.3%
last
33.3%
night
33.3%
Last
33.3%
Answer % Correct
night
33.3%
Leeds
33.3%
I
33.3%
grey
33.3%
Britain
33.3%
it’s
33.3%
so
33.3%
Last
33.3%
night
33.3%
Leeds
33.3%
all
33.3%
I
33.3%
Last
33.3%
night
33.3%
Leeds
33.3%
I
33.3%
all
33.3%
I
33.3%
night
33.3%
Last
33.3%
night
33.3%
Leeds
33.3%
my
33.3%
lights
22.2%
Birmingham
22.2%
are
22.2%
wet
22.2%
blur
22.2%
Today
22.2%
woke
22.2%
up
22.2%
one
22.2%
but
22.2%
gets
22.2%
dark
22.2%
here
22.2%
three
22.2%
Today
22.2%
called
22.2%
up
22.2%
dad
22.2%
off
22.2%
balance
22.2%
weak
22.2%
don’t
22.2%
for
22.2%
think
22.2%
He
22.2%
get
22.2%
lighter
22.2%
just
22.2%
wait
22.2%
see
22.2%
city
22.2%
for
22.2%
was
22.2%
complacency
22.2%
somewhere
22.2%
sleep
22.2%
still
22.2%
waiting
22.2%
for
22.2%
map
22.2%
say
22.2%
boys
22.2%
are
22.2%
amazed
22.2%
they
22.2%
can
22.2%
breathe
22.2%
Guess
22.2%
just
22.2%
drove
22.2%
way
22.2%
Glasgow
22.2%
just
22.2%
watch
22.2%
our
22.2%
defeat
22.2%
was
22.2%
lucky
22.2%
was
22.2%
some
22.2%
get
22.2%
think
22.2%
almost
22.2%
worked
22.2%
until
22.2%
he
22.2%
Bobby
22.2%
That
22.2%
kid
22.2%
pulled
22.2%
cock
22.2%
block
22.2%
century
22.2%
still
22.2%
waiting
22.2%
for
22.2%
map
22.2%
Answer % Correct
say
22.2%
Unless
22.2%
comes
22.2%
not
22.2%
bad
22.2%
if
22.2%
don’t
22.2%
look
22.2%
that
22.2%
way
22.2%
collapsed
22.2%
with
22.2%
By
22.2%
two
22.2%
or
22.2%
three
22.2%
thought
22.2%
we’d
22.2%
lost
22.2%
Josh
22.2%
Mikey
22.2%
They
22.2%
were
22.2%
skyhooking
22.2%
cans
22.2%
they
22.2%
hadn’t
22.2%
emptied
22.2%
out
22.2%
woke
22.2%
neighbors
22.2%
don’t
22.2%
think
22.2%
anybody
22.2%
slept
22.2%
that
22.2%
lighter
22.2%
Guess
22.2%
dad
22.2%
was
22.2%
right
22.2%
getting
11.1%
hard
11.1%
believe
11.1%
anything
11.1%
said
11.1%
feeling
11.1%
homesick
11.1%
things
11.1%
know
11.1%
said
11.1%
gonna
11.1%
son
11.1%
there
11.1%
getting
11.1%
hard
11.1%
believe
11.1%
Ad
11.1%
ourselves
11.1%
wandering
11.1%
looking
11.1%
pizza
11.1%
home’s
11.1%
week
11.1%
away
11.1%
drowning
11.1%
Strongbow
11.1%
Weeble’s
11.1%
flooded
11.1%
got
11.1%
caught
11.1%
stealing
11.1%
Christmas
11.1%
tree
11.1%
venue
11.1%
band
11.1%
too
11.1%
heavy
11.1%
talking
11.1%
Joe
11.1%
bar
11.1%
maid
11.1%
trying
11.1%
ran
11.1%
into
11.1%
home’s
11.1%
week
11.1%
away
11.1%
says
11.1%
world
11.1%
around
11.1%
along
11.1%
shelf
11.1%
basement
11.1%
Liv’s
11.1%
house
11.1%
know
11.1%
things
11.1%
got
11.1%
bit
11.1%
Come Together.
Have Fun.
All Virtual.
We all need to come together. Play Sporcle's virtual live trivia to have fun, connect with people, and get your trivia on. Join a live hosted trivia game for your favorite pub trivia experience done virtually. If a virtual private party is more your thing, go here for details.

You're not logged in!

Compare scores with friends on all Sporcle quizzes.
OR
Log In

Sporcle TV

Today on Sporcle TV


Watch our educational content, quiz creation guides, and fun videos on Sporcle TV.

Show Comments

Extras

Created Feb 26, 2020ReportNominate
Tags:Wonder

Top Quizzes Today


Score Distribution

Paid Content

Your Account Isn't Verified!

In order to create a playlist on Sporcle, you need to verify the email address you used during registration. Go to your Sporcle Settings to finish the process.

Report this User

Report this user for behavior that violates our Community Guidelines.

Details: